书目信息 |
| 题名: |
107种元素的发现
|
|
| 作者: | 赵匡华 编著 | |
| 分册: | ||
| 出版信息: | 北京 北京出版社 1983 |
|
| 页数: | 261页 | |
| 开本: | 19cm | |
| 丛书名: | ||
| 单 册: | ||
| 中图分类: | O6-09 | |
| 科图分类: | ||
| 主题词: | 化学--理论 , 化学--方法 | |
| 电子资源: | ||
| ISBN: | ||
| 000 | 00692nam0 2200265 45 | |
| 001 | 0183012255 | |
| 005 | 20040519102630.9 | |
| 010 | @dCNY0.68 | |
| 091 | @a13071.151 | |
| 100 | @a19950504d1983 em y0chiy0121 ea | |
| 101 | 0 | @achi |
| 102 | @aCN@b110000 | |
| 105 | @ay z 000yy | |
| 106 | @ar | |
| 200 | 10 | @a107种元素的发现@A107 zhong yuan su de fa xian@f赵匡华编著 |
| 210 | @a北京@c北京出版社@d1983 | |
| 215 | @a261页@d19cm | |
| 300 | @a自然科学史话-中学教师读物 | |
| 606 | 0 | @a化学@x理论 |
| 606 | 0 | @a化学@x方法 |
| 690 | @aO6-09 | |
| 701 | 0 | @a赵匡华@Azhao kuang hua@4编著 |
| 801 | 0 | @aCN@b上海图书馆@c20040519 |
| 801 | 2 | @aCN@bNLC@c20040519 |
| 905 | @f1@b97434@dO6-09@e128 | |
| 107种元素的发现/赵匡华编著.-北京:北京出版社,1983 |
| 261页;19cm |
| 自然科学史话-中学教师读物 |
| ISBN :CNY0.68 |
| ● |
| 相关链接 |
|
|
|
|
正题名:107种元素的发现
索取号:O6-09/128
 
预约/预借
| 序号 | 登录号 | 条形码 | 馆藏地/架位号 | 状态 | 备注 |
| 1 | 0097431 | 000338806 | 第三借阅区/ [索取号:O6-09/128] | 在馆 | |
| 2 | 0097434 | 000338815 | 第三借阅区/ [索取号:O6-09/128] | 在馆 | |
| 3 | 0097435 | 202102269 | 第二样本阅览室/ [索取号:O6-09/128] | 在馆 |